| 000 | 00369 a2200157 4500 | ||
|---|---|---|---|
| 001 | 164479 | ||
| 020 | _a | ||
| 040 | _cMagnum | ||
| 100 | _a- | ||
| 240 | 1 | 0 |
_aLei no. 9.394 diretrizes e bases da educacao nacional _lpor |
| 245 | 1 | 0 | _aLei no. 9.394 diretrizes e bases da educacao nacional |
| 362 | 0 | _a1899 | |
| 440 | 1 | _aDo Brasil | |
| 697 | _aENSINO | ||
| 942 | _cBK | ||
| 999 |
_c164479 _d164479 |
||